000 00703nam a2200229Ia 4500
001 8945
003 GE_BSU
008 181216s||||||||xx |||||||||||||| ||und||
040 _cGE_BSU
080 _a821.353.1-32
100 _aკვიცარიძე, დავით
245 _aკოცონი
245 _bმოთხრობები
245 _cრედ:ი.ხოშტარია;მხატვ:.ზ.ხარაბაძე
260 _aთბილისი.
260 _bსაბჭ.საქართველო
260 _c1963
300 _a245გვ;20სმ.ილ
653 _aკოცონი
653 _aმოთხრობები
942 _cBK
999 _c42250
_d42250